000 00617nam a2200229Ia 4500
005 20260320201956.0
008 008 262003s9999 xx 000 0 eng d
037 _aEBOOK
040 _aCRL
040 _beng
040 _cCRL
041 _2eng
041 _aeng
084 _qCRL
100 _aBos
_9938204
245 4 _aThe GitHub Copilot Handbook: A practical guide to transforming the software development life cycle with GitHub Copilot
260 _bIEEE
856 _uhttps://ieeexplore.ieee.org/servlet/opac?bknumber=11297038
942 _cEBOOK
999 _c1724606
_d1724606